| 000 -LEADER |
| fixed length control field |
00992nam a2200241Ia 4500 |
| 001 - CONTROL NUMBER |
| control field |
10020 |
| 003 - CONTROL NUMBER IDENTIFIER |
| control field |
GE_BSU |
| 008 - FIXED-LENGTH DATA ELEMENTS--GENERAL INFORMATION |
| fixed length control field |
181216s||||||||xx |||||||||||||| ||und|| |
| 040 ## - CATALOGING SOURCE |
| Transcribing agency |
GE_BSU |
| 080 ## - UNIVERSAL DECIMAL CLASSIFICATION NUMBER |
| Universal Decimal Classification number |
821.353.1+821.353.1-32 |
| 100 ## - MAIN ENTRY--PERSONAL NAME |
| Personal name |
რაზიკაშვილი,თედო |
| 245 ## - TITLE STATEMENT |
| Title |
თხზულებანი ორ ტომად.ტ.2.მოთხრობები |
| 245 ## - TITLE STATEMENT |
| Statement of responsibility, etc. |
გამოსაც.მოამზადა ს.ყუბანეიშვილმა,სარედ.კოლ.რ.ინაშვილი,ნ.კეცხოველი,დ.ლორთქიფანიძე და სხვ. |
| 260 ## - PUBLICATION, DISTRIBUTION, ETC. |
| Place of publication, distribution, etc. |
თბილისი |
| 260 ## - PUBLICATION, DISTRIBUTION, ETC. |
| Name of publisher, distributor, etc. |
ნაკადული |
| 260 ## - PUBLICATION, DISTRIBUTION, ETC. |
| Date of publication, distribution, etc. |
1972 |
| 300 ## - PHYSICAL DESCRIPTION |
| Extent |
243გვ.21სმ. |
| 520 ## - SUMMARY, ETC. |
| Summary, etc. |
შენიშვნა და ლექსიკონი გვ.222-242 |
| 653 ## - INDEX TERM--UNCONTROLLED |
| Uncontrolled term |
თხზულებანი |
| 653 ## - INDEX TERM--UNCONTROLLED |
| Uncontrolled term |
მოთხრობები |
| 942 ## - ADDED ENTRY ELEMENTS (KOHA) |
| Koha item type |
წიგნი |